El Concilio Vaticano II y su significado para la Iglesia ortodoxa rusa (Record no. 632301)

000 -CABECERA
Campo de control de longitud fija 00460nab a2200145Ia 4500
003 - IDENTIFICADOR DEL NÚMERO DE CONTROL
Campo de control ES-SlBCS
005 - FECHA Y HORA DE LA ÚLTIMA TRANSACCIÓN
Campo de control 20210601135704.0
008 - CÓDIGOS DE INFORMACIÓN DE LONGITUD FIJA
Campo de control de longitud fija 140529s1996 xxu||||| |||| 00| 0 spa d
041 ## - CÓDIGO DE LENGUA
Código de lengua del texto/banda sonora o título independiente spa
100 1# - PUNTO DE ACCESO PRINCIPAL-NOMBRE DE PERSONA
Nombre de persona Borovoj, Vitalij
9 (RLIN) 235387
245 00 - MENCIÓN DE TÍTULO
Título El Concilio Vaticano II y su significado para la Iglesia ortodoxa rusa
Mención de responsabilidad, etc. Vitalij Borovoj
611 24 - PUNTO DE ACCESO ADICIONAL DE MATERIA-NOMBRE DE CONGRESO
Nombre de congreso o nombre de jurisdicción como elemento inicial Vaticano II-Iglesia Rusa
9 (RLIN) 235388
773 0# - ENLACE AL DOCUMENTO FUENTE
Título Concilium
Parte(s) relacionada(s) nº. 268, 1996, págs. 167-189
Número de control del registro relacionado Rev134
942 ## - ENTRADA DE ELEMENTOS AGREGADOS (KOHA)
Koha [por defecto] tipo de item Artículos de revista
Holdings
Suprimido Perdido Estropeado No para préstamo Localización permanente Localización actual Localización en estantería Fecha adquisición Préstamos totales Fecha última consulta Fecha del precio de reemplazo Tipo de item de Koha
        San Esteban San Esteban Depósito de revistas 11/07/2014   11/07/2014 11/07/2014 Artículos de revista

Bibliotecas Dominicos Provincia Hispania, 2016

Con tecnología Koha